00371nam a2200133Ia 4500008004100000020001500041041001200056100001600068245007700084260004200161300000800203650001000211700001600221221030s9999 xx 000 0 und d a9350141090 aEnglish aP. C. Reddy 0aEnterprise Resource Planning : Text & Casescby P. C. Reddy, K. V. Reddy bS. K. Kataria & SonsaNew Delhic2014 a235 aBb It aK. V. Reddy